LEADER 00746nam0-22002771i-450- 001 990004061730403321 005 19990530 035 $a000406173 035 $aFED01000406173 035 $a(Aleph)000406173FED01 035 $a000406173 100 $a19990530d1984----km-y0itay50------ba 101 0 $aita 105 $aa-------00-y- 200 1 $aAUSTRALIA$ftesto di Robin Bromby$gfotografie di Robin Smith 210 $aMilano$cTouring Club Italiano$d1984 215 $a240 p.$cill.$d37 cm 702 1$aBromby,$bRobin 702 1$aSmith,$bRobin 801 0$aIT$bUNINA$gRICA$2UNIMARC 901 $aBK 912 $a990004061730403321 952 $a910 AUS.1$bBIBL.C.1887$fFLFBC 959 $aFLFBC 996 $aAustralia$9210117 997 $aUNINA LEADER 00920nam0-22002891i-450 001 990004811370403321 005 20180222121038.0 035 $a000481137 100 $a19990530d1977----km-y0itay50------ba 101 0 $aita 102 $aIT 105 $ay---e---001yy 200 1 $aDue Saggi$eL'Angelo nero e il demonismo nella poesia montaliana, Per una teoria dell'edizione critica (Sul testo della "Chanson de Roland" di C. Segre)$fOreste Macri 210 $aLecce$cMilella$d1977 215 $a186 p.$d25 cm 225 1 $aQuaderni critici de L'Albero$v1 610 0 $aPoesia$aSaggi 676 $a854.91$v22 700 1$aMacrì,$bOreste$f<1913-1998>$0386898 702 1$aSegrè,$bCarlo$f<1867-1936> 801 0$aIT$bUNINA$gRICA$2UNIMARC 901 $aBK 912 $a990004811370403321 952 $a854.91 MAC 1$bIst.f.m. Fil. Mod. 30309$fFLFBC 959 $aFLFBC 996 $aDue saggi$9142862 997 $aUNINA LEADER 01499cam0-22004211i-450 001 990003768850403321 005 20211223155844.0 035 $a000376885 035 $aFED01000376885 035 $a(Aleph)000376885FED01 035 $a000376885 100 $a20030910d1971----km-y0itay50------ba 101 1 $aita$ceng 102 $aIT 105 $aa-------001yy 200 1 $a<>organizzazione dal vivo$euno studio comparato di organismi sociali fondato su un approccio socioterapeutico$fCyril Sofer$gtraduzione italiana di Lucio Trevisan 210 $aMilano$cFrancoAngeli$dc1971 215 $a228 p.$cill.$d22 cm 225 1 $a<>classici della società industriale$v5 454 0$12001$a<>organization from within. A comparative study of social institutions based on a sociotherapeutic approach$929747 610 0 $aOrganizzazione$aGestione$aAspetti sociali e umani 676 $a301.34$v17$zita 700 1$aSofer,$bCyril$0125963 702 1$aTrevisan,$bLucio 801 0$aIT$bUNINA$gRICA$2UNIMARC 901 $aBK 912 $a990003768850403321 952 $aA / SOF 1$b2651$fBFS 952 $aA / SOF 1BIS$b1502$fBFS 952 $aA / SOF 1TER$b526$fBFS 952 $aP.1 PS 168$bI.F.M.122$fFLFBC 952 $a12510 SOF$b3228/I$fSES 959 $aBFS 959 $aFLFBC 959 $aSES 996 $aOrganization from within. A comparative study of social institutions based on a sociotherapeutic approach$929747 997 $aUNINA DB $aING01